The Encyclopedia of world theater : (Record no. 109651)

MARC details
000 -LEADER
campo de control de longitud fija 01359cam a2200373 i 4500
001 - NÚMERO DE CONTROL
campo de control 53364
005 - FECHA Y HORA DE LA ÚLTIMA TRANSACCIÓN
campo de control 20230411085934.0
008 - DATOS DE LONGITUD FIJA--INFORMACIÓN GENERAL
campo de control de longitud fija 780109s1977 nyua bd 001 0 eng
010 ## - NÚMERO DE CONTROL DE LA BIBLIOTECA DEL CONGRESO
Número de control de LC 76019741
035 ## - NÚMERO DE CONTROL DEL SISTEMA
Número de control de sistema (OCoLC)ocm03609949
040 ## - FUENTE DE CATALOGACIÓN
Centro catalogador/agencia de origen DLC
Centro/agencia transcriptor DLC
Centro/agencia modificador MUQ
-- BAKER
-- BTCTA
-- DRFGD
020 ## - NÚMERO INTERNACIONAL ESTÁNDAR DEL LIBRO
Número Internacional Estándar del Libro 068414834X
020 ## - NÚMERO INTERNACIONAL ESTÁNDAR DEL LIBRO
Número Internacional Estándar del Libro 9780684148342
029 1# - OTRO NÚMERO DE CONTROL DE SISTEMA (OCLC)
Identificador de la biblioteca OCLC NZ1
Número de control de sistema 3281906
035 ## - NÚMERO DE CONTROL DEL SISTEMA
Número de control de sistema (OCoLC)3609949
041 1# - CÓDIGO DE IDIOMA
Código de lengua del texto/banda sonora o título independiente engger
082 00 - NÚMERO DE LA CLASIFICACIÓN DECIMAL DEWEY
Número de clasificación 792/.03
049 ## - FONDOS LOCALES (OCLC)
Biblioteca depositaria GRAL
050 14 - SIGNATURA TOPOGRÁFICA DE LA BIBLIOTECA DEL CONGRESO
Número de clasificación E56e 1977
245 04 - MENCIÓN DEL TÍTULO
Título The Encyclopedia of world theater :
Resto del título with 420 illustrations and an index of play titles /
Mención de responsabilidad, etc. introd. by Martin Esslin.
260 ## - PUBLICACIÓN, DISTRIBUCIÓN, ETC.
Lugar de publicación, distribución, etc. New York :
Nombre del editor, distribuidor, etc. Scribner,
Fecha de publicación, distribución, etc. c1977.
300 ## - DESCRIPCIÓN FÍSICA
Extensión 320 p. :
Otras características físicas ill. ;
Dimensiones 30 cm.
500 ## - NOTA GENERAL
Nota general Based on Friedrichs Theaterlexikon, by K. Grèoning and W. Kliess; translated by Estella Schmid, adapted and amplified under the general editorship of Martin Esslin.
504 ## - NOTA DE BIBLIOGRAFÍA, ETC.
Nota de bibliografía, etc. Includes bibliographical references and index.
650 #0 - PUNTO DE ACCESO ADICIONAL DE MATERIA--TÉRMINO DE MATERIA
Término de materia o nombre geográfico como elemento de entrada Theater
Subdivisión general Dictionaries.
650 #6 - PUNTO DE ACCESO ADICIONAL DE MATERIA--TÉRMINO DE MATERIA
Término de materia o nombre geográfico como elemento de entrada Thâeãatre
Subdivisión general Dictionnaires anglais.
700 1# - ENTRADA AGREGADA--NOMBRE PERSONAL
Nombre de persona Esslin, Martin,
Fechas asociadas al nombre 1918-2002.
700 1# - ENTRADA AGREGADA--NOMBRE PERSONAL
Nombre de persona Grèoning, Karl.
Título de la obra Friedrichs Theaterlexikon.
938 ## -
-- Baker & Taylor
-- BKTY
-- 15.98
-- 11.99
-- 068414834X
-- 0000203340
-- active
938 ## -
-- Baker and Taylor
-- BTCP
-- 76019741
-- $25.00
942 ## - ELEMENTOS DE ENTRADA SECUNDARIOS (KOHA)
Fuente del sistema de clasificación o colocación Clasificación de Library of Congress
Tipo de ítem Koha
946 ## - PROCESAMIENTO DE INFORMACIÓN LOCAL (OCLC)
a lmminaya
994 ## -
-- C0
-- DRFGD
Holdings
Estatus retirado Estado de pérdida Fuente del sistema de clasificación o colocación Estado de daño No para préstamo Colección Biblioteca de origen Biblioteca actual Ubicación en estantería Fecha de adquisición Signatura topográfica completa Código de barras Visto por última vez Copia número Tipo de ítem Koha
    Clasificación de Library of Congress     Automatización y Procesos Técnicos Biblioteca Juan Bosch Biblioteca Juan Bosch Automatización y Procesos Técnicos (1er. Piso) 11/04/2023 E56e 1977 00000054550 17/02/2019 1